| 000 | 00944nam a22002657a 4500 | ||
|---|---|---|---|
| 001 | 975 | ||
| 005 | 20250227142356.0 | ||
| 020 | _a9780439156103 | ||
| 040 |
_aDLC _beng _cODaWU _dOCoLC _dKPT _dDLC |
||
| 050 | 0 | 0 |
_aPZ7.B879 _bBi |
| 082 | _a813 | ||
| 100 | 1 |
_aBuck, Pearl S. _q(Pearl Sydenstricker), _d1892-1973. |
|
| 245 | 1 | 4 |
_aThe big wave / _cPearl S. Buck |
| 250 | _aFirst Scholastic printing, November 1999. | ||
| 260 |
_aNew York : _bScholastic, _c1999. |
||
| 300 |
_a57 pages : _c20 cm |
||
| 505 | _aT | ||
| 520 | _aHis family and village swept away by a tidal wave, Jiya learns to live with the ever-present dangers from the sea and volcano. | ||
| 521 |
_a790
_bLexile |
||
| 521 |
_aT _bRaz-Plus |
||
| 650 |
_anatural disasters _vhistorical fiction _xadventure _y tsunami |
||
| 650 |
_anatural disasters _vhistorical fiction _xadventure _y tsunami |
||
| 906 |
_a7 _bcbc _coclcrpl _du _encip _f19 _gy-gencatlg |
||
| 942 |
_2ddc _cBK _n0 |
||
| 999 |
_c975 _d975 |
||